[Event "Pan American Intercollegiate-chT"]
[Site "Chess.com INT"]
[Date "2021.01.04"]
[Round "2"]
[White "Reshef, Omer"]
[Black "Zhou, Jason"]
[Result "1/2-1/2"]
[WhiteElo "2495"]
[BlackElo "1901"]
[PlyCount "132"]
[EventDate "2021.01.04"]
[EventType "team-swiss (rapid)"]
[EventRounds "9"]
[EventCountry "USA"]
[SourceTitle "CBM 200 Extra"]
[Source "ChessBase"]
[SourceDate "2021.03.31"]
[SourceVersion "1"]
[SourceVersionDate "2021.03.31"]
[SourceQuality "1"]
[WhiteTeam "Texas Dallas Univ II"]
[BlackTeam "Harvard"]
[WhiteTeamCountry "USA"]
[BlackTeamCountry "USA"]

1. e4 c6 2. c4 d5 3. cxd5 cxd5 4. exd5 Nf6 5. Nc3 Nxd5 6. Nf3 Nxc3 7. bxc3 g6 8. Be2 Bg7 9. 0-0 0-0 10. d4 Qc7 11. Qb3 Nc6 12. Be3 Be6 13. Qa4 Rfd8 14. Rfd1 Qa5 15. Qc2 Rac8 16. Qb2 Qc7 17. Ng5 Bd7 18. Rac1 h6 19. Nf3 Bg4 20. h3 Bxf3 21. Bxf3 b6 22. Be2 Qd6 23. Qb5 Rc7 24. Qd3 Na5 25. c4 e5 26. dxe5 Qxd3 27. Rxd3 Rxd3 28. Bxd3 Rd7 29. Be2 g5 30. c5 Bxe5 31. cxb6 axb6 32. Bxb6 Rd2 33. Bxa5 Rxa2 34. Rc5 Rxe2 35. g4 Bd4 36. Rf5 Re5 37. Rxe5 Bxe5 38. Kg2 Kg7 39. Kf3 Kg6 40. Ke4 f6 41. f3 h5 42. Bb6 hxg4 43. hxg4 Ba1 44. Bd4 Bxd4 45. Kxd4 f5 46. Ke5 fxg4 47. fxg4 Kg7 48. Kd6 Kf6 49. Kd5 Kf7 50. Ke5 Ke7 51. Kf5 Kf7 52. Kxg5 Kg7 53. Kf5 Kf7 54. Kg5 Kg7 55. Kh5 Kh7 56. g5 Kg7 57. g6 Kg8 58. Kg4 Kf8 59. Kf5 Kg8 60. Kg5 Kg7 61. Kf5 Kg8 62. Kf6 Kf8 63. Kg5 Kg7 64. Kh5 Kg8 65. Kg4 Kf8 66. Kh5 Kg8 1/2-1/2

[Event "US Open-115"]
[Site "Orlando"]
[Date "2014.08.02"]
[Round "8"]
[White "Zhou, Jason"]
[Black "Szabo, Marcell"]
[Result "1/2-1/2"]
[WhiteElo "1760"]
[BlackElo "1799"]
[PlyCount "91"]
[EventDate "2014.07.26"]
[EventType "swiss"]
[EventRounds "9"]
[EventCountry "USA"]
[SourceTitle "CBM 161 Extra"]
[Source "ChessBase"]
[SourceDate "2014.08.29"]
[SourceVersion "1"]
[SourceVersionDate "2014.08.29"]
[SourceQuality "1"]

1. d4 Nf6 2. c4 e5 3. dxe5 Ng4 4. Nf3 Bc5 5. e3 Nc6 6. Be2 0-0 7. 0-0 Ngxe5 8. Nxe5 Nxe5 9. Nc3 a5 10. Na4 Ba7 11. c5 Qe7 12. Qc2 d6 13. cxd6 cxd6 14. b3 Bd7 15. Qc7 b5 16. Nb6 Bxb6 17. Qxb6 Rfc8 18. Bb2 Rc2 19. Bxe5 Qxe5 20. Bf3 Rac8 21. Qxa5 Qb2 22. Rad1 Qxa2 23. Qxa2 Rxa2 24. Rxd6 Be6 25. Bd5 Bf5 26. e4 Bg6 27. Bb7 Rb8 28. Rfd1 Kf8 29. Rd8+ Rxd8 30. Rxd8+ Ke7 31. Rd1 Rb2 32. Bd5 f5 33. f3 fxe4 34. fxe4 Bf7 35. Rd3 Bxd5 36. exd5 Kd6 37. Kf1 Rc2 38. Rd4 Rc5 39. Ke2 Rxd5 40. Rxd5+ Kxd5 41. Kd3 Kc5 42. Kc3 b4+ 43. Kd3 Kd5 44. g3 g6 45. h3 h6 46. Ke3 1/2-1/2

[Event "Saint Louis op 4th"]
[Site "Saint Louis"]
[Date "2013.11.30"]
[Round "3"]
[White "Larson, Matthew W"]
[Black "Zhou, Jason"]
[Result "0-1"]
[WhiteElo "2101"]
[BlackElo "1728"]
[PlyCount "90"]
[EventDate "2013.11.30"]
[EventType "swiss"]
[EventRounds "5"]
[EventCountry "USA"]
[SourceTitle "CBM 157 Extra"]
[Source "ChessBase"]
[SourceDate "2013.12.19"]
[SourceVersion "1"]
[SourceVersionDate "2013.12.19"]
[SourceQuality "1"]

1. d4 Nf6 2. c4 e6 3. g3 Bb4+ 4. Bd2 Qe7 5. Bg2 0-0 6. Nf3 a5 7. 0-0 Bxd2 8. Qxd2 d6 9. Nc3 e5 10. e4 Nbd7 11. Qc2 Re8 12. b3 Nb6 13. h3 Bd7 14. Rfe1 Rad8 15. Kh2 c6 16. Qb2 Rb8 17. Rad1 Na8 18. Qa3 b6 19. Rd2 Nc7 20. Red1 h6 21. Ng1 Rbd8 22. f4 exf4 23. gxf4 Nh5 24. Nce2 Ne6 25. Rf1 c5 26. d5 Nexf4 27. Nxf4 Nxf4 28. Nf3 Qxe4 29. Qb2 Qh7 30. Qc3 Re7 31. Rff2 Rde8 32. Bf1 Re3 33. Qa1 Qe4 34. Qd1 Bf5 35. Ng1 Re1 36. Qf3 Qxf3 37. Rxf3 g5 38. Rdf2 Bg6 39. h4 Kg7 40. Nh3 Nxh3 41. Kxh3 R8e3 42. hxg5 Rxf3+ 43. Rxf3 hxg5 44. Rf2 Bh5 45. Bd3 Re3+ 0-1

[Event "Saint Louis op 4th"]
[Site "Saint Louis"]
[Date "2013.11.30"]
[Round "1"]
[White "Priyadharshan, Kannappan"]
[Black "Zhou, Jason"]
[Result "1-0"]
[WhiteElo "2402"]
[BlackElo "1728"]
[PlyCount "93"]
[EventDate "2013.11.30"]
[EventType "swiss"]
[EventRounds "5"]
[EventCountry "USA"]
[SourceTitle "CBM 157 Extra"]
[Source "ChessBase"]
[SourceDate "2013.12.19"]
[SourceVersion "1"]
[SourceVersionDate "2013.12.19"]
[SourceQuality "1"]

1. e4 c5 2. b3 Nc6 3. Bb2 e6 4. Nf3 Nf6 5. e5 Nd5 6. c4 Nc7 7. g3 Be7 8. Bg2 Rb8 9. 0-0 0-0 10. d4 cxd4 11. Nxd4 Nxd4 12. Bxd4 b6 13. Nc3 Bb7 14. Bxb7 Rxb7 15. Qf3 Rb8 16. Rad1 Bb4 17. Rd3 Qe7 18. Rfd1 Rfd8 19. Ne4 Ne8 20. Bb2 b5 21. c5 Rbc8 22. Bd4 Rc6 23. Be3 h6 24. Nd6 Nxd6 25. cxd6 Qf8 26. Qe4 a5 27. Rc1 Rdc8 28. Rxc6 Rxc6 29. Qxc6 dxc6 30. d7 Be7 31. Bc5 Bxc5 32. d8Q Qxd8 33. Rxd8+ Kh7 34. Rc8 Bd4 35. Rxc6 Bxe5 36. Rc5 Bd6 37. Rxb5 Bb4 38. Kf1 Kg6 39. Ke2 Kf6 40. Kd3 e5 41. Ke4 Bc3 42. Rc5 Bb4 43. Rxe5 g6 44. a3 Be1 45. f4 g5 46. Kd3 gxf4 47. Rxe1 1-0